[Event "Duisburg Grossenbaum op"]
[Site "Duisburg"]
[Date "2006.07.02"]
[Round "6"]
[White "Bischof, Rainer"]
[Black "Scharrenbroich, Andreas"]
[Result "1-0"]
[WhiteElo "2027"]
[BlackElo "1850"]
[PlyCount "91"]
[EventDate "2006.06.02"]
[EventType "swiss"]
[EventRounds "7"]
[EventCountry "GER"]
[SourceTitle "EXT 2007"]
[Source "ChessBase"]
[SourceDate "2006.11.23"]
[SourceVersion "1"]
[SourceVersionDate "2006.11.23"]
[SourceQuality "1"]

1. d4 e6 2. Bf4 Nf6 3. e3 d5 4. Nd2 a6 5. Bd3 Nc6 6. c3 Bd6 7. Bg3 0-0 8. Ngf3 b5 9. Ne5 Bb7 10. Qc2 h6 11. f4 Qe7 12. Qd1 Na5 13. Bh4 Nc4 14. Qe2 Nxb2 15. Bc2 c5 16. Ng4 Rfc8 17. e4 dxe4 18. Nxe4 Bxe4 19. Bxe4 Na4 20. Bxa8 Rxa8 21. Qf3 Rd8 22. 0-0 cxd4 23. cxd4 Qa7 24. Nxf6+ gxf6 25. Bxf6 Be7 26. Qg4+ Kf8 27. Qg7+ Ke8 28. Qg8+ Bf8 29. Bxd8 Qxd4+ 30. Kh1 Qxd8 31. Rac1 b4 32. Rfd1 Qb8 33. Qg3 Nc3 34. Rxc3 bxc3 35. Qxc3 Be7 36. h3 f6 37. Qc4 Kf7 38. f5 Qe5 39. Qxe6+ Qxe6 40. fxe6+ Kxe6 41. Kg1 f5 42. Kf2 Bg5 43. Kf3 a5 44. Rb1 Bf6 45. Rb6+ Kf7 46. Rb5 1-0

[Event "Rheinhausen-ch 10th"]
[Site "Duisburg Rheinhausen"]
[Date "2006.03.03"]
[Round "5.6"]
[White "Scharrenbroich, Andreas"]
[Black "Grunwald, Guenther"]
[Result "1-0"]
[WhiteElo "1845"]
[BlackElo "1521"]
[PlyCount "65"]
[EventDate "2006.01.06"]
[EventType "swiss"]
[EventRounds "7"]
[EventCountry "GER"]
[SourceTitle "EXT 2007"]
[Source "ChessBase"]
[SourceDate "2006.11.23"]
[SourceVersion "1"]
[SourceVersionDate "2006.11.23"]
[SourceQuality "1"]

1. e4 e5 2. Nc3 Nf6 3. Nf3 Nc6 4. Bc4 Be7 5. 0-0 0-0 6. d3 d6 7. h3 Na5 8. Bb3 Nxb3 9. axb3 c6 10. Be3 a6 11. Na4 c5 12. Nc3 Bd7 13. Nd2 b5 14. f4 g6 15. fxe5 dxe5 16. Bh6 Re8 17. Qf3 Be6 18. Rf2 Qd7 19. g4 Rec8 20. g5 Nh5 21. Ne2 c4 22. d4 exd4 23. Nf4 Nxf4 24. Qxf4 Bd8 25. Qe5 f6 26. gxf6 Bf7 27. Raf1 Bc7 28. Qg5 Qxh3 29. Nf3 d3 30. Nd4 dxc2 31. Nf5 Be6 32. f7+ Bxf7 33. Ne7+ 1-0

[Event "Rheinhausen-ch 10th"]
[Site "Duisburg Rheinhausen"]
[Date "2006.02.03"]
[Round "3.11"]
[White "Scharrenbroich, Andreas"]
[Black "Hoening, Andre"]
[Result "1-0"]
[WhiteElo "1845"]
[BlackElo "1552"]
[PlyCount "55"]
[EventDate "2006.01.06"]
[EventType "swiss"]
[EventRounds "7"]
[EventCountry "GER"]
[SourceTitle "EXT 2007"]
[Source "ChessBase"]
[SourceDate "2006.11.23"]
[SourceVersion "1"]
[SourceVersionDate "2006.11.23"]
[SourceQuality "1"]

1. e4 e6 2. d4 c5 3. Nf3 cxd4 4. Nxd4 Bc5 5. Nb3 Bb6 6. Nc3 Ne7 7. Qg4 Ng6 8. Bd3 Nc6 9. f4 d6 10. Rf1 0-0 11. g3 Nb4 12. Qf3 Bd7 13. a3 Nxd3+ 14. Qxd3 Rc8 15. Be3 a6 16. 0-0-0 Bxe3+ 17. Qxe3 Qc7 18. Qd3 Bb5 19. Nxb5 axb5 20. c3 Rfd8 21. Qxb5 Ne7 22. Rd2 d5 23. Rfd1 e5 24. exd5 Nf5 25. d6 Rxd6 26. Rxd6 Nxd6 27. Qxe5 Qc4 28. Qxd6 1-0

[Event "Duisburg Grossenbaum op"]
[Site "Duisburg"]
[Date "2005.05.16"]
[Round "6"]
[White "Scharrenbroich, Andreas"]
[Black "Titzhoff, Frank"]
[Result "1/2-1/2"]
[WhiteElo "1845"]
[BlackElo "2130"]
[PlyCount "117"]
[EventDate "2005.05.13"]
[EventType "swiss"]
[EventRounds "7"]
[EventCountry "GER"]
[SourceTitle "EXT 2006"]
[Source "ChessBase"]
[SourceDate "2005.11.24"]
[SourceVersion "1"]
[SourceVersionDate "2005.11.24"]
[SourceQuality "1"]

1. e4 e6 2. Nc3 d5 3. exd5 exd5 4. d3 Nf6 5. g3 Bc5 6. Bg2 0-0 7. Nge2 Bg4 8. 0-0 c6 9. d4 Bd6 10. Be3 Re8 11. Qd2 Nbd7 12. a3 a5 13. Bf4 Nb6 14. b3 a4 15. f3 Bf5 16. Bxd6 Qxd6 17. Rfb1 axb3 18. Rxb3 Nc4 19. Qg5 Qd7 20. Ra2 h6 21. Qc1 b5 22. Kf2 Bh3 23. Nf4 Bxg2 24. Kxg2 Qf5 25. a4 bxa4 26. Rxa4 Rxa4 27. Nxa4 g5 28. Nd3 Re2+ 29. Kg1 Qxf3 30. Qf1 Qe3+ 31. Nf2 Re1 32. Rxe3 Rxf1+ 33. Kxf1 Nxe3+ 34. Ke2 Nxc2 35. Kd3 Na3 36. Nd1 Ne4 37. Ne3 Nd6 38. Ng4 Nf5 39. Ne5 Ne7 40. h4 f6 41. Ng4 Kg7 42. hxg5 hxg5 43. Nc5 Nc4 44. Nf2 f5 45. g4 f4 46. Nh3 Kg6 47. Ne6 Ne3 48. Nexf4+ gxf4 49. Nxf4+ Kg5 50. Kxe3 Kxg4 51. Ne6 Kf5 52. Nd8 Kg5 53. Ne6+ Kf6 54. Nd8 c5 55. dxc5 Ke5 56. c6 Kd6 57. c7 Kxc7 58. Ne6+ Kd6 59. Nf4 1/2-1/2

[Event "Duisburg Grossenbaum op"]
[Site "Duisburg"]
[Date "2005.05.14"]
[Round "2"]
[White "Mueller, Juergen1"]
[Black "Scharrenbroich, Andreas"]
[Result "0-1"]
[WhiteElo "1431"]
[BlackElo "1845"]
[PlyCount "48"]
[EventDate "2005.05.13"]
[EventType "swiss"]
[EventRounds "7"]
[EventCountry "GER"]
[SourceTitle "EXT 2006"]
[Source "ChessBase"]
[SourceDate "2005.11.24"]
[SourceVersion "1"]
[SourceVersionDate "2005.11.24"]
[SourceQuality "1"]

1. d4 g6 2. e4 Bg7 3. f4 d6 4. h3 e5 5. fxe5 Qh4+ 6. Kd2 Qxe4 7. Nf3 Bh6+ 8. Kc3 Qc6+ 9. Kb3 Qb6+ 10. Ka3 Bf8 11. b3 dxe5+ 12. Kb2 exd4 13. Nxd4 Bg7 14. c3 Bxd4 15. cxd4 Ne7 16. Bc4 Be6 17. Bxe6 Qxe6 18. Re1 Qf6 19. Nc3 0-0 20. Ne4 Qg7 21. Kb1 Nd5 22. Bb2 Nd7 23. Nc5 Nxc5 24. Re5 Rad8 0-1

[Event "Niederrhein-ch"]
[Site "Niederrhein"]
[Date "2005.03.25"]
[Round "8"]
[White "Scharrenbroich, Andreas"]
[Black "Gockel, Mirco"]
[Result "0-1"]
[WhiteElo "1836"]
[BlackElo "1918"]
[PlyCount "44"]
[EventDate "2005.03.18"]
[EventType "swiss"]
[EventRounds "9"]
[EventCountry "GER"]
[SourceTitle "CBM 105 Extra"]
[Source "ChessBase"]
[SourceDate "2005.05.01"]
[SourceVersion "1"]
[SourceVersionDate "2005.05.01"]
[SourceQuality "1"]

1. e4 c5 2. Nc3 Nc6 3. Nf3 g6 4. d4 cxd4 5. Nxd4 Bg7 6. Be3 d6 7. Bb5 Bd7 8. 0-0 Nf6 9. f3 0-0 10. Qd2 Ne5 11. Bxd7 Nc4 12. Qe2 Nxe3 13. Qxe3 Nxd7 14. Nb3 Nb6 15. Rab1 Nc4 16. Qe2 Nxb2 17. Nd1 Nxd1 18. Rfxd1 Qc7 19. c4 Rfc8 20. c5 dxc5 21. Qb5 a6 22. Qd7 Bd4+ 0-1

[Event "Niederrhein-ch"]
[Site "Niederrhein"]
[Date "2005.03.20"]
[Round "3"]
[White "Scharrenbroich, Andreas"]
[Black "Trella, Thomas"]
[Result "0-1"]
[WhiteElo "1836"]
[BlackElo "2144"]
[PlyCount "94"]
[EventDate "2005.03.18"]
[EventType "swiss"]
[EventRounds "9"]
[EventCountry "GER"]
[SourceTitle "CBM 105 Extra"]
[Source "ChessBase"]
[SourceDate "2005.05.01"]
[SourceVersion "1"]
[SourceVersionDate "2005.05.01"]
[SourceQuality "1"]

1. e4 e6 2. d4 d5 3. Nd2 c5 4. dxc5 Bxc5 5. Nb3 Bb6 6. exd5 exd5 7. Bd3 Nf6 8. h3 Nc6 9. Nf3 0-0 10. 0-0 Qd6 11. Bg5 h6 12. Bxf6 Qxf6 13. c3 Be6 14. Nbd2 Kh8 15. Qc2 g5 16. g4 Qf4 17. Kg2 Rac8 18. Bf5 Ne7 19. Bxe6 fxe6 20. Rae1 Rf6 21. Qd3 Ng6 22. c4 Bc7 23. Re3 Nh4+ 24. Kh1 Nxf3 25. Nxf3 Bb6 26. cxd5 Bxe3 27. fxe3 Qc4 28. Qxc4 Rxc4 29. dxe6 Rxe6 30. b3 Rc3 31. Nd4 Rexe3 32. Nf5 Rxh3+ 33. Kg2 Rhd3 34. Nxh6 Rd2+ 35. Rf2 Rxf2+ 36. Kxf2 Rc2+ 37. Ke3 Rxa2 38. Nf7+ Kg8 39. Nxg5 Rb2 40. Kd3 Rxb3+ 41. Kc2 Rb4 42. Nf3 Rxg4 43. Kb2 Rg3 44. Nd4 Kf8 45. Ka2 Ke8 46. Nf5 Rd3 47. Kb2 Kd7 0-1

[Event "Rheinhausen op"]
[Site "Duisburg"]
[Date "2005.01.07"]
[Round "1"]
[White "Schumacher, Peter"]
[Black "Scharrenbroich, Andreas"]
[Result "0-1"]
[WhiteElo "1417"]
[BlackElo "1790"]
[PlyCount "104"]
[EventDate "2005.01.07"]
[EventType "swiss"]
[EventRounds "7"]
[EventCountry "GER"]
[SourceTitle "EXT 2006"]
[Source "ChessBase"]
[SourceDate "2005.11.24"]
[SourceVersion "1"]
[SourceVersionDate "2005.11.24"]
[SourceQuality "1"]

1. d4 d5 2. Nf3 Nf6 3. e3 e6 4. Bd3 c5 5. c3 Nc6 6. Nbd2 Be7 7. 0-0 0-0 8. dxc5 Bxc5 9. e4 d4 10. Nb3 Qd6 11. Nxc5 Qxc5 12. cxd4 Nxd4 13. Be3 Nxf3+ 14. Qxf3 Qe5 15. b3 Rd8 16. Rad1 Bd7 17. Qf4 Qxf4 18. Bxf4 Bc6 19. f3 Rd7 20. Rf2 Rad8 21. Rfd2 h6 22. Bc2 Rxd2 23. Rxd2 Rxd2 24. Bxd2 Ne8 25. a4 f6 26. b4 a6 27. a5 Kf7 28. Be3 g5 29. g3 f5 30. exf5 Bxf3 31. fxe6+ Kxe6 32. Kf2 Bg4 33. Bc5 Bf5 34. Bb3+ Ke5 35. Ke3 Bb1 36. Bd4+ Kf5 37. Bd5 Nd6 38. Bg8 Kg4 39. Be6+ Bf5 40. Bd5 Bc8 41. Bg2 Nf5+ 42. Ke4 b6 43. h3+ Kxg3 44. Bf1 bxa5 45. bxa5 Nxd4 46. Kxd4 h5 47. Kc5 Bxh3 48. Bxa6 Bg2 49. Bc4 h4 50. a6 h3 51. Bd5 Bxd5 52. Kxd5 h2 0-1

[Event "Duesseldorf Post op"]
[Site "Duesseldorf"]
[Date "2004.12.26"]
[Round "1"]
[White "Hausrath, Daniel"]
[Black "Scharrenbroich, Andreas"]
[Result "1-0"]
[WhiteElo "2478"]
[BlackElo "1790"]
[PlyCount "73"]
[EventDate "2004.12.26"]
[EventType "swiss"]
[EventRounds "7"]
[EventCountry "GER"]
[SourceTitle "EXT 2006"]
[Source "ChessBase"]
[SourceDate "2005.11.24"]
[SourceVersion "1"]
[SourceVersionDate "2005.11.24"]
[SourceQuality "1"]

1. Nf3 d5 2. g3 Nc6 3. d4 Bf5 4. Bg2 Nf6 5. 0-0 e6 6. c4 Nb4 7. Na3 c6 8. Qb3 dxc4 9. Nxc4 Nc2 10. Qxb7 Qc8 11. Qxc8+ Rxc8 12. Rb1 Nb4 13. Bf4 Bxb1 14. Rxb1 Nbd5 15. Bd6 Be7 16. Nfe5 0-0 17. e4 Bxd6 18. Nxd6 Rcd8 19. Ndxf7 Rxf7 20. Nxf7 Kxf7 21. exd5 Nxd5 22. Bxd5 Rxd5 23. Rc1 Rxd4 24. Rxc6 Rb4 25. Rc7+ Kf6 26. Rxa7 Rxb2 27. h4 h5 28. a4 g5 29. hxg5+ Kxg5 30. Ra5+ Kg4 31. Rb5 Ra2 32. Kg2 Re2 33. a5 e5 34. a6 e4 35. Ra5 e3 36. Ra4+ Kf5 37. a7 1-0

[Event "Duisburg Grossenbaum op"]
[Site "Duisburg"]
[Date "2004.05.28"]
[Round "1"]
[White "Scharrenbroich, Andreas"]
[Black "Curic, Drazen"]
[Result "1-0"]
[WhiteElo "1750"]
[BlackElo "2207"]
[PlyCount "43"]
[EventDate "2004.05.28"]
[EventType "swiss"]
[EventRounds "7"]
[EventCountry "GER"]
[SourceTitle "EXT 2006"]
[Source "ChessBase"]
[SourceDate "2005.11.24"]
[SourceVersion "1"]
[SourceVersionDate "2005.11.24"]
[SourceQuality "1"]

1. e4 d6 2. Nc3 Nf6 3. Nf3 e5 4. Bc4 Be7 5. 0-0 0-0 6. d3 c6 7. Bg5 Nbd7 8. d4 h6 9. dxe5 dxe5 10. Bxf6 Bxf6 11. Qe2 Qc7 12. Rfd1 Be7 13. a3 Nc5 14. b4 Ne6 15. g3 a5 16. b5 Bc5 17. Na4 Be7 18. b6 Qb8 19. Qe3 Nd8 20. Qc3 Bg4 21. Rd2 Bf6 22. Nc5 1-0

[Event "Rheinhausen op"]
[Site "Duisburg"]
[Date "2004.02.06"]
[Round "3"]
[White "Scharrenbroich, Andreas"]
[Black "Schumacher, Peter"]
[Result "1-0"]
[WhiteElo "1753"]
[BlackElo "1401"]
[PlyCount "133"]
[EventDate "2004.01.09"]
[EventType "swiss"]
[EventRounds "7"]
[EventCountry "GER"]
[SourceTitle "EXT 2006"]
[Source "ChessBase"]
[SourceDate "2005.11.24"]
[SourceVersion "1"]
[SourceVersionDate "2005.11.24"]
[SourceQuality "1"]

1. e4 c5 2. c4 e6 3. Nc3 d6 4. g3 b6 5. Bg2 Bb7 6. Nge2 Nf6 7. 0-0 Nc6 8. Qa4 Qd7 9. Rd1 Nd4 10. Qxd7+ Nxd7 11. Nxd4 cxd4 12. Nb5 Rc8 13. d3 e5 14. Nxa7 Rc7 15. Nb5 Rc8 16. Bd2 Be7 17. Bb4 Nc5 18. f4 Bc6 19. Na7 Rc7 20. Nxc6 Rxc6 21. Bxc5 Rxc5 22. b4 Rc7 23. fxe5 dxe5 24. Rdb1 0-0 25. a3 Ra8 26. Kf2 Rca7 27. Rb3 f6 28. Ke2 Ra4 29. Rc1 Rxa3 30. Rxa3 Rxa3 31. c5 Ra2+ 32. Kf1 bxc5 33. bxc5 Ra3 34. c6 Bd6 35. Ke2 Ra2+ 36. Kf3 Bc7 37. Bh3 Rd2 38. Rb1 Rxd3+ 39. Ke2 Rc3 40. Bd7 Kf8 41. Rb7 Bd6 42. Kd2 Ra3 43. Be6 Rc3 44. Bd5 Ra3 45. Rf7+ Ke8 46. Rxg7 h6 47. Rd7 Bb4+ 48. Kd1 d3 49. Bf7+ Kf8 50. Kc1 Rc3+ 51. Kb2 Rxc6 52. Bb3 Rd6 53. Rxd6 Bxd6 54. Kc3 Kg7 55. Kxd3 Bc5 56. Ke2 Bg1 57. Kf1 Bxh2 58. Kg2 Bxg3 59. Kxg3 Kg6 60. Be6 Kg5 61. Bg4 Kg6 62. Kh4 Kf7 63. Kh5 Ke7 64. Kxh6 Kd6 65. Kg6 Kc5 66. Kxf6 Kd4 67. Bf5 1-0

[Event "Niederrhein-ch"]
[Site "Niederrhein"]
[Date "2003.04.19"]
[Round "9"]
[White "Scharrenbroich, Andreas"]
[Black "Zahn, Richard"]
[Result "0-1"]
[WhiteElo "1698"]
[BlackElo "2057"]
[PlyCount "98"]
[EventDate "2003.04.11"]
[EventType "swiss"]
[EventRounds "9"]
[EventCountry "GER"]
[SourceTitle "EXT 2006"]
[Source "ChessBase"]
[SourceDate "2005.11.24"]
[SourceVersion "1"]
[SourceVersionDate "2005.11.24"]
[SourceQuality "1"]

1. e4 e6 2. d3 d5 3. exd5 exd5 4. Nc3 Bb4 5. Bd2 Nf6 6. Nf3 0-0 7. Be2 c5 8. 0-0 Nc6 9. Bg5 Bxc3 10. bxc3 Qd6 11. Qd2 Re8 12. Bf4 Qd7 13. h3 b6 14. Nh2 Ne5 15. Bxe5 Rxe5 16. Bg4 Qe8 17. Bxc8 Re2 18. Qd1 Rxc8 19. Re1 Rxe1+ 20. Qxe1 Qa4 21. Qb1 Re8 22. Qb3 Qd7 23. Nf3 Nh5 24. a4 Nf4 25. Qb5 Qd8 26. Kf1 h6 27. a5 Re6 28. axb6 axb6 29. Ra7 Ne2 30. Qa6 Qf6 31. c4 Qf4 32. Qa1 dxc4 33. dxc4 Qxc4 34. Qa2 Qxa2 35. Rxa2 Nc3 36. Ra8+ Kh7 37. Ra3 Ne4 38. Ke2 b5 39. Re3 Kg6 40. Nd2 Nxd2 41. Rxe6+ fxe6 42. Kxd2 Kf5 43. Ke3 g5 44. g3 h5 45. f4 g4 46. h4 e5 47. fxe5 Kxe5 48. Kd3 c4+ 49. Ke3 b4 0-1

[Event "Niederrhein-ch"]
[Site "Niederrhein"]
[Date "2003.04.17"]
[Round "7"]
[White "Scharrenbroich, Andreas"]
[Black "Scharrenbroich, Torsten Michael"]
[Result "1-0"]
[WhiteElo "1698"]
[BlackElo "1394"]
[PlyCount "41"]
[EventDate "2003.04.11"]
[EventType "swiss"]
[EventRounds "9"]
[EventCountry "GER"]
[SourceTitle "EXT 2006"]
[Source "ChessBase"]
[SourceDate "2005.11.24"]
[SourceVersion "1"]
[SourceVersionDate "2005.11.24"]
[SourceQuality "1"]

1. e4 e6 2. Nc3 Bb4 3. f4 c5 4. Nf3 Bxc3 5. bxc3 d5 6. e5 Ne7 7. Be2 0-0 8. d4 c4 9. 0-0 Nbc6 10. h3 Nf5 11. g4 Ng3 12. Rf2 Ne4 13. Rg2 Nxc3 14. Qe1 Nxe2+ 15. Qxe2 b5 16. f5 Qb6 17. c3 a5 18. f6 g6 19. Qe3 Kh8 20. Qh6 Rg8 21. Ng5 1-0

[Event "Niederrhein-ch"]
[Site "Niederrhein"]
[Date "2003.04.12"]
[Round "2"]
[White "Scharrenbroich, Andreas"]
[Black "Modlinski, Tobias"]
[Result "0-1"]
[WhiteElo "1698"]
[BlackElo "1912"]
[PlyCount "82"]
[EventDate "2003.04.11"]
[EventType "swiss"]
[EventRounds "9"]
[EventCountry "GER"]
[SourceTitle "EXT 2006"]
[Source "ChessBase"]
[SourceDate "2005.11.24"]
[SourceVersion "1"]
[SourceVersionDate "2005.11.24"]
[SourceQuality "1"]

1. e4 d6 2. d3 g6 3. f4 Bg7 4. Nf3 c5 5. Be2 Nf6 6. Nc3 0-0 7. Rb1 Nc6 8. 0-0 Nd4 9. b3 Ng4 10. Nd5 Nxf3+ 11. Rxf3 Bd4+ 12. Be3 e6 13. Rg3 f5 14. exf5 Nxe3 15. Nxe3 Rxf5 16. Rf3 Bxe3+ 17. Rxe3 Rxf4 18. Qd2 Qf6 19. Rf1 Bd7 20. Ref3 Qd4+ 21. Kh1 Rxf3 22. Rxf3 Rf8 23. a4 Bc6 24. Rxf8+ Kxf8 25. Bd1 Kf7 26. Qh6 Qf2 27. Qxh7+ Kf8 28. Qh6+ Ke7 29. Qg5+ Kd7 30. h3 Qf1+ 31. Kh2 Qxd1 32. Qxg6 Qxc2 33. h4 Qe2 34. h5 Bxg2 35. Qg7+ Kd8 36. h6 Be4+ 37. Kg1 Qe1+ 38. Kh2 Qh1+ 39. Kg3 Qg2+ 40. Kf4 Qxg7 41. hxg7 Bh7 0-1

[Event "Rheinhausen op 6th"]
[Site "Rheinhausen"]
[Date "2002.02.01"]
[Round "3"]
[White "Scharrenbroich, Andreas"]
[Black "Palmowski, Sascha1"]
[Result "1-0"]
[WhiteElo "1682"]
[BlackElo "1217"]
[PlyCount "62"]
[EventDate "2002.03.??"]
[EventType "swiss"]
[EventRounds "5"]
[EventCountry "GER"]
[SourceTitle "EXT 2008"]
[Source "ChessBase"]
[SourceDate "2007.11.25"]
[SourceVersion "1"]
[SourceVersionDate "2007.11.25"]
[SourceQuality "1"]

1. e4 e5 2. Nf3 Nc6 3. Bc4 Nf6 4. Nc3 Bc5 5. 0-0 0-0 6. d3 a6 7. Bg5 b5 8. Bd5 Re8 9. Qd2 Bb7 10. Rfe1 Be7 11. Bxc6 Bxc6 12. Nxe5 Nh5 13. Bxe7 Qxe7 14. Nxc6 dxc6 15. g3 Nf6 16. f4 Rad8 17. e5 Nd5 18. Ne4 f6 19. exf6 Nxf6 20. Qc3 Nxe4 21. Rxe4 Qd6 22. Rae1 b4 23. Rxe8+ Rxe8 24. Rxe8+ Kf7 25. Qe5 Qd7 26. Qh5+ g6 27. Qxh7+ Kxe8 28. Qxg6+ Kd8 29. Qg8+ Ke7 30. Qg7+ Kd8 31. Qxd7+ Kxd7 1-0